000 00187 a2200097 4500
020 _a8420437468
041 _aspa
100 _aTomi Ungerer
245 _aEl Hombre de la Luna
942 _cBK
999 _c15755
_d15755